Statistics for Chinese Foods

Click here to take the quiz!

General Stats

  • This quiz has been taken 43 times
  • The average score is 17 of 30

Answer Stats

DescriptionAnswer% Correct
Rice dish typically cooked in a wok{Fried} rice
97%
Dark, salty liquid condiment of Chinese origin that is used in many Asian cuisines{Soy} sauce
95%
Crispy, roasted duck commonly rolled in a thin pancake alongside cucumbers, onions and hoisin sauce; China's national dish{Peking} duck
89%
Rolled savoury appetisers that are usually deep-friedSpring rolls
89%
Three letter term for steamed white buns of various sweet or savoury fillings (e.g. pork, custard) that are part of the above cuisineBao buns (baozi)
86%
Sweet Taiwanese drink that typically contains either tapioca pearls or fruit jelly; can be served either hot or cold{Boba} tea
86%
Fragrant tea scented with the aroma of this white flower{Jasmine} tea
78%
Immersive way of cooking and eating Chinese ingredients in a flavourful hot brothHot pot
76%
Chinese meat and/or vegetable dumpling whose Japanese version has become a staple of its cuisine. State either the Chinese or Japanese name for this dumplingJiaozi or Gyoza
76%
Small, bite-sized Cantonese cuisine that is mostly steamed in bamboo basketsDim sum
70%
Unique part of a chicken's body used in Chinese cuisine. For example, it is often seasoned and cooked with black fermented beansChicken {feet}
68%
Sweet Northern Chinese snack of skewered fruit (traditionally hawthorn) coated in hardened sugar syrupTanghulu
68%
Crunchy fruit that is less sweet than its European counterpart. Also referred to as an Asian, Korean or apple ____Chinese {pear}
65%
Fermented Changsha dish of this curdled soybean productStinky {tofu}
65%
Thin, yellow-skinned dumplings that are often served in soupsWontons
65%
Red, spicy oil that is used to drizzle over dishesLao Gan Ma (chili oil)
62%
Spicy Sichuan chicken dish seasoned with chillies, peanuts and Sichuan peppercorns{Kung} {Pao} chicken
57%
Stir-fried crispy noodle and vegetable dish. The most popular versions of the dish are chicken and beefChow mein
54%
Thick, dark seafood sauce used in many Asian dishes{Oyster} sauce
54%
Speciality of Chinese cuisine evidenced by the 'red braised' or 'Dongpo pork' variants; a fatty part of the pigPork {belly}
54%
Type of Chinese cabbage with dark green leaves that is commonly cooked as a side dishBok choy
43%
Long, salty deep-fried snack that is golden-brown in colourFried doughstick (Youtiao)
43%
Thin, steamed rice noodle rolls typically filled with shrimp, beef, vegetables, or other ingredients; common feature of no. 5Cheung Fun
32%
Filled, soft dessert balls served in hot broth or syrupTangyuan
32%
Dish with a similar name and appearance to the above but is cooked with fresher, thicker noodlesLo mein
30%
Dish of poached, sliced chicken that is served with seasoned rice and dipping sauceHainanese chicken rice
27%
Deep-fried, typically white crispy snack of Indonesian origin often provided as a complementary appetiser with Chinese takeawayPrawn crackers
24%
Sweet nut tea with healing properties (such as relieving mucus) that is made from apricot kernels{Almond} tea
11%
Very thin, salted noodle dish native to the Fujian provinceMisua
5%
Tibetan fried snack stuffed with meat and cabbage that bears resemblance to an empanadaSha phaley
3%

Score Distribution

Percentile by Number Answered

Percent of People with Each Score

Your Score History

You have not taken this quiz